[Event "AUTO-MASTER-454"]
[Site "http://www.queenalice.com/game.php?id=340876"]
[Date "2008.1.22"]
[Round "1"]
[White "Adelar"]
[Black "Vampyr"]
[Result "1-0"]
[WhiteElo "2236"]
[BlackElo "2105"]

1. e4 c5 2. Nf3 Nc6 3. d4 cxd4 4. Nxd4 Nf6 5. Nc3 e5 6. Ndb5 d6 7. Bg5 a6 8. Na3
b5 9. Nd5 Be7 10. Bxf6 Bxf6 11. c3 Bg5 12. Nc2 Ne7 13. h4 Bh6 14. Ncb4 O-O 15.
a4 bxa4 16. g4 Bf4 17. Rxa4 a5 18. Nxe7+ Qxe7 19. Nd5 Qb7 20. b3 Be6 21. Bc4
Rfc8 22. O-O Rc5 23. Qf3 Bxd5 24. Bxd5 Rxd5 25. exd5 Qxb3 26. Rfa1 h6 27. Rxa5
Rxa5 28. Rxa5 Qb1+ 29. Kg2 Qb8 30. Ra6 Qd8 31. h5 Qh4 32. Ra8+ Kh7 33. Qd3+ g6
34. hxg6+ Kg7 35. gxf7 Qxg4+ 36. Kf1 e4 37. f8=Q+ 1-0

[Event "AUTO-MASTER-454"]
[Site "http://www.queenalice.com/game.php?id=340885"]
[Date "2008.1.22"]
[Round "1"]
[White "Adelar"]
[Black "enzoiazo"]
[Result "1-0"]
[WhiteElo "2213"]
[BlackElo "2160"]

1. e4 Nf6 2. e5 Nd5 3. d4 d6 4. c4 Nb6 5. f4 dxe5 6. fxe5 c5 7. d5 g6 8. Nf3 Bg7
9. Bf4 O-O 10. Be2 Bg4 11. O-O e6 12. Nc3 exd5 13. cxd5 N8d7 14. Ne1 Bxe2 15.
Qxe2 Qe7 16. Nf3 h6 17. a4 a5 18. Rae1 Rae8 19. Bg3 c4 20. d6 Qd8 21. Qd2 Nc5
22. Qd4 Ne6 23. Qe3 f5 24. Bf2 Nd7 25. Qe2 Qc8 26. Nd5 Qc6 27. Ne7+ Rxe7 28.
dxe7 Re8 29. Rc1 Qxa4 30. Rfd1 Rxe7 31. Rxc4 Qb3 32. Rc8+ Kh7 33. Rd6 Qb4 34.
Bh4 Nf4 35. Qc4 Qxc4 36. Rxc4 g5 37. Rc7 1-0

[Event "AUTO-MASTER-454"]
[Site "http://www.queenalice.com/game.php?id=340886"]
[Date "2008.1.22"]
[Round "1"]
[White "enzoiazo"]
[Black "Adelar"]
[Result "0-1"]
[WhiteElo "2138"]
[BlackElo "2223"]

1. d4 d5 2. Nf3 Nf6 3. e3 Bf5 4. Bd3 e6 5. Bxf5 exf5 6. Qd3 Qc8 7. O-O c6 8. b3
Na6 9. a3 Be7 10. Nbd2 O-O 11. Ne5 Ng4 12. Nxg4 fxg4 13. e4 Re8 14. Bb2 Bg5 15.
exd5 cxd5 16. Rfe1 Qd7 17. Nf1 Rac8 18. Rad1 b5 19. Bc1 Rxe1 20. Rxe1 Bf6 21.
Bd2 Nc7 22. Ne3 g6 23. Bb4 h5 24. c3 Ne6 25. Ra1 Nf4 26. Qf1 Bd8 27. a4 a5 28.
Bc5 bxa4 29. Rxa4 h4 30. c4 dxc4 31. Qxc4 h3 32. g3 Ne6 33. Qc3 Qb7 34. Rc4 Bg5
35. Qc2 Rd8 36. b4 axb4 37. Rxb4 Qf3 38. Rb1 Nxd4 39. Bxd4 Rxd4 40. Re1 Ra4 0-1

[Event "AUTO-MASTER-458"]
[Site "http://www.queenalice.com/game.php?id=345327"]
[Date "2008.1.30"]
[Round "1"]
[White "DenisDiaz"]
[Black "Adelar"]
[Result "0-1"]
[WhiteElo "1942"]
[BlackElo "2272"]

1. e4 e5 2. Nf3 Nc6 3. Bc4 Bc5 4. d3 d6 5. Nc3 Nf6 6. Bg5 h6 7. Bh4 g5 8. Bg3
Na5 9. Bb3 Nxb3 10. axb3 c6 11. Nd2 b5 12. h3 a5 13. Qf3 g4 14. Qe2 Rg8 15. hxg4
Bxg4 16. f3 Be6 17. Bh4 Rg6 18. g4 Bd4 19. Nf1 a4 20. bxa4 bxa4 21. Nxa4 Bxb2
22. Nxb2 Rxa1+ 23. Nd1 Qa5+ 24. Qd2 d5 25. Qxa5 Rxa5 26. Ng3 Ra2 27. Kd2 d4 28.
Kc1 Nh7 29. Kb1 Ra3 30. Nf5 Ng5 31. Bxg5 hxg5 32. Rh8+ Kd7 33. Nf2 c5 34. Kb2
Ra2+ 35. Kb1 Bb3 36. Nh3 Rga6 0-1

[Event "AUTO-MASTER-458"]
[Site "http://www.queenalice.com/game.php?id=345328"]
[Date "2008.1.30"]
[Round "1"]
[White "Adelar"]
[Black "DenisDiaz"]
[Result "1-0"]
[WhiteElo "2232"]
[BlackElo "1954"]

1. e4 c5 2. Nf3 d6 3. d4 cxd4 4. Nxd4 Nf6 5. Nc3 e5 6. Nf3 Be7 7. Bc4 Nc6 8. O-O
h6 9. Be3 O-O 10. Qe2 a6 11. Rfd1 Qc7 12. Nd5 Nxd5 13. Bxd5 b5 14. c4 bxc4 15.
Rac1 Bb7 16. Qxc4 Rac8 17. Qa4 Qd7 18. Nxe5 Nxe5 19. Qxd7 Nxd7 20. Bxb7 Rxc1 21.
Rxc1 Nc5 22. Bd5 Rb8 23. b3 a5 24. f4 Rc8 25. a3 Rb8 26. e5 Nxb3 27. Rc7 Kf8 28.
Ba7 1-0

[Event "AUTO-MASTER-458"]
[Site "http://www.queenalice.com/game.php?id=345339"]
[Date "2008.1.30"]
[Round "1"]
[White "blobux"]
[Black "Adelar"]
[Result "0-1"]
[WhiteElo "2159"]
[BlackElo "2244"]

1. e4 e5 2. Nf3 Nc6 3. d4 exd4 4. Nxd4 Bb4+ 5. c3 Bc5 6. Nxc6 dxc6 7. Qxd8+ Kxd8
8. Bc4 Be6 9. Bxe6 fxe6 10. Ke2 Kc8 11. Be3 Bxe3 12. Kxe3 Nf6 13. h3 e5 14. Nd2
Re8 15. g3 b6 16. f4 Kb7 17. Rae1 Rad8 18. Re2 Nd7 19. Nf3 exf4+ 20. gxf4 Nc5
21. Ne5 g5 22. Kf3 gxf4 23. Kxf4 Re6 24. Ng4 Rf8+ 25. Kg3 Nxe4+ 26. Kh2 h5 27.
Rhe1 Rf4 28. Nf2 Nxc3 29. bxc3 Rxf2+ 30. Rxf2 Rxe1 31. Rc2 Re3 0-1

[Event "AUTO-MASTER-458"]
[Site "http://www.queenalice.com/game.php?id=345340"]
[Date "2008.1.30"]
[Round "1"]
[White "Adelar"]
[Black "blobux"]
[Result "1-0"]
[WhiteElo "2263"]
[BlackElo "2157"]

1. e4 c5 2. Nf3 Nc6 3. d4 cxd4 4. Nxd4 Nf6 5. Nc3 d6 6. Be2 e5 7. Nb3 Be7 8. Bg5
Nxe4 9. Nxe4 Bxg5 10. Nxd6+ Ke7 11. Nxc8+ Rxc8 12. h4 Bf6 13. c3 Qxd1+ 14. Rxd1
Rhd8 15. Bd3 g6 16. Ke2 Bg7 17. g4 b6 18. h5 Rd6 19. Nd2 Nd8 20. Ne4 Rd7 21. h6
Bf6 22. Bb5 Rdc7 23. g5 Bh8 24. Rd2 Ne6 25. Rhd1 Rd8 26. Rxd8 Nxd8 27. Nf6 Bxf6
28. gxf6+ Kxf6 29. Rxd8 Kg5 30. Re8 Kxh6 31. Rxe5 f5 32. f4 Kg7 33. Kf2 Kf6 34.
Rd5 Ke6 35. Rd2 h6 36. Kg3 g5 37. Rh2 1-0

[Event "AUTO-MASTER-458"]
[Site "http://www.queenalice.com/game.php?id=345345"]
[Date "2008.1.30"]
[Round "1"]
[White "biano"]
[Black "Adelar"]
[Result "0-1"]
[WhiteElo "1897"]
[BlackElo "2274"]

1. e4 e5 2. Nf3 Nc6 3. Bb5 a6 4. Ba4 Nf6 5. O-O Be7 6. Re1 b5 7. Bb3 O-O 8. c3
d6 9. h3 Nb8 10. d4 Nbd7 11. dxe5 dxe5 12. Nbd2 Bb7 13. Bc2 c5 14. Nf1 Qc7 15.
Ng3 c4 16. Nf5 Nc5 17. Nxe7+ Qxe7 18. Bg5 Rad8 19. Qe2 Nd3 20. Bxd3 cxd3 0-1

[Event "AUTO-MASTER-458"]
[Site "http://www.queenalice.com/game.php?id=345346"]
[Date "2008.1.30"]
[Round "1"]
[White "Adelar"]
[Black "biano"]
[Result "1-0"]
[WhiteElo "2262"]
[BlackElo "1869"]

1. e4 e5 2. Nf3 Nc6 3. Bb5 a6 4. Ba4 Nf6 5. O-O b5 6. Bb3 Be7 7. d4 d6 8. c3 Na5
9. dxe5 Nxb3 10. exf6 Bxf6 11. Qxb3 Bb7 12. Re1 O-O 13. a4 Bc6 14. Nd4 Bb7 15.
Bf4 Re8 16. Nd2 1-0

[Event "AUTO-MASTER-454"]
[Site "http://www.queenalice.com/game.php?id=403095"]
[Date "2008.5.14"]
[Round "2"]
[White "TheBigSid"]
[Black "Adelar"]
[Result "0-1"]
[WhiteElo "1988"]
[BlackElo "2280"]

1. d4 d5 2. c4 e6 3. Nc3 c6 4. Nf3 Nf6 5. Bg5 dxc4 6. e4 b5 7. Be2 h6 8. Bh4 g5
9. Bg3 Bb7 10. Ne5 Bg7 11. h4 O-O 12. hxg5 hxg5 13. Qd2 b4 14. Na4 Nxe4 15. Qe3
Nxg3 16. fxg3 Nd7 17. Nxd7 Qxd7 18. Nc5 Qxd4 19. Qxd4 Bxd4 20. Nxb7 Bxb2 21. Rb1
c3 22. Kf2 Kg7 23. Nc5 Rh8 24. Rxh8 c2 25. Rbh1 Rxh8 26. Rxh8 Bd4+ 0-1

[Event "AUTO-MASTER-454"]
[Site "http://www.queenalice.com/game.php?id=403096"]
[Date "2008.5.14"]
[Round "2"]
[White "Adelar"]
[Black "TheBigSid"]
[Result "1-0"]
[WhiteElo "2275"]
[BlackElo "2056"]

1. e4 e6 2. d4 d5 3. Nc3 c5 4. exd5 exd5 5. dxc5 Be6 6. Be3 Nc6 7. Nf3 Nf6 8.
Nd4 Qa5 9. Bb5 Rc8 10. O-O Be7 11. Qe2 Bg4 12. f3 Bh5 13. g4 Bg6 14. g5 Nd7 15.
Nxd5 O-O 16. Nxc6 Bxc5 17. Nxa5 1-0

[Event "AUTO-MASTER-454"]
[Site "http://www.queenalice.com/game.php?id=403099"]
[Date "2008.5.14"]
[Round "2"]
[White "Adelar"]
[Black "Bruscato"]
[Result "1/2-1/2"]
[WhiteElo "2250"]
[BlackElo "2279"]

1. e4 c5 2. Nf3 d6 3. d4 cxd4 4. Nxd4 Nf6 5. Nc3 g6 6. Be2 Bg7 7. O-O O-O 8. Kh1
Bd7 9. Be3 Nc6 10. f4 e5 11. Ndb5 Ne8 12. Qd2 exf4 13. Bxf4 Be6 14. Nxd6 Nxd6
15. Qxd6 Qa5 16. Qd1 Rad8 17. Bd3 Bxc3 18. bxc3 Qxc3 19. Bd2 Qd4 20. Qc1 Ne5 21.
Bh6 Nxd3 22. cxd3 Rc8 23. Qd2 Rfd8 24. Rad1 Bg4 25. Be3 Qc3 26. Qxc3 Rxc3 27.
Rd2 Rdxd3 28. Rxd3 Rxd3 29. Bxa7 Ra3 30. Bd4 Rxa2 31. Ra1 Rxa1+ 32. Bxa1 Kf8 33.
Kg1 Ke7 1/2-1/2

[Event "AUTO-MASTER-454"]
[Site "http://www.queenalice.com/game.php?id=403100"]
[Date "2008.5.14"]
[Round "2"]
[White "Bruscato"]
[Black "Adelar"]
[Result "1-0"]
[WhiteElo "2270"]
[BlackElo "2262"]

1. e4 e5 2. Nc3 Nf6 3. f4 d5 4. fxe5 Nxe4 5. Qf3 Nc6 6. Bb5 Nxc3 7. dxc3 Be7 8.
Ne2 O-O 9. Bxc6 bxc6 10. O-O f6 11. e6 Bxe6 12. Nd4 Bd7 13. Bf4 Qb8 14. b3 Re8
15. Qg3 Bd6 16. Rae1 c5 17. Bxd6 cxd6 18. Rxe8+ Qxe8 19. Re1 Qf8 20. Ne6 Bxe6
21. Rxe6 Rd8 22. Qd3 Qf7 23. Qxd5 Kf8 24. c4 Qc7 25. a4 a6 26. h3 h6 27. Kh2 a5
28. g4 1-0

[Event "AUTO-MASTER-446"]
[Site "http://www.queenalice.com/game.php?id=404903"]
[Date "2008.5.18"]
[Round "2"]
[White "samuca"]
[Black "Adelar"]
[Result "1-0"]
[WhiteElo "2305"]
[BlackElo "2283"]

1. e4 e5 2. Nf3 Nc6 3. Bc4 Bc5 4. c3 Nf6 5. d4 exd4 6. cxd4 Bb4+ 7. Bd2 Nxe4 8.
Bxb4 Nxb4 9. Bxf7+ Kxf7 10. Qb3+ d5 11. Ne5+ Ke8 12. Qxb4 Qg5 13. Nd2 Qxg2 14.
O-O-O Nxd2 15. Qxd2 Rf8 16. Rde1 Kd8 17. Qe3 Be6 18. Nd3 Qh3 19. Qxe6 Qxe6 20.
Rxe6 Re8 21. Rhe1 Rxe6 22. Rxe6 b6 23. Ne5 a6 24. Rc6 Rc8 25. Kd2 a5 26. f4 Rb8
27. f5 Kc8 28. Re6 Kb7 29. Re7 Rf8 30. Rf7 Rxf7 31. Nxf7 1-0

[Event "AUTO-MASTER-446"]
[Site "http://www.queenalice.com/game.php?id=404904"]
[Date "2008.5.18"]
[Round "2"]
[White "Adelar"]
[Black "samuca"]
[Result "0-1"]
[WhiteElo "2272"]
[BlackElo "2333"]

1. e4 c6 2. Nc3 d5 3. Nf3 Bg4 4. h3 Bxf3 5. Qxf3 e6 6. d4 dxe4 7. Nxe4 Qxd4 8.
c3 Qa4 9. Bd3 Nd7 10. O-O Ngf6 11. Re1 Be7 12. Nxf6+ Bxf6 13. Bf4 O-O 14. Bd6
Rfe8 15. Qh5 g6 16. Qf3 Bg7 17. Re2 Qa5 18. Qg3 Qd5 19. Be4 Be5 20. Bxd5 Bxg3
21. Bxc6 Bxf2+ 22. Kxf2 bxc6 23. Rd1 Nb6 24. Re5 Red8 25. Rc5 f6 26. b3 e5 27.
c4 Kf7 28. Ke2 Rac8 29. Ra5 Ke6 30. Bc5 Rxd1 31. Kxd1 Rc7 32. Bxb6 axb6 33. Ra6
Rb7 34. Ke2 Kd6 35. Ke3 Kc5 36. Ke4 Kd6 37. a3 f5+ 38. Ke3 e4 39. b4 Ke5 40. b5
c5 41. a4 f4+ 42. Kd2 Kd4 43. a5 bxa5 44. Rxa5 Kxc4 0-1

[Event "AUTO-MASTER-446"]
[Site "http://www.queenalice.com/game.php?id=404905"]
[Date "2008.5.18"]
[Round "2"]
[White "jnable"]
[Black "Adelar"]
[Result "0-1"]
[WhiteElo "2043"]
[BlackElo "2211"]

1. e4 e5 2. Nf3 Nc6 3. Bb5 Bc5 4. O-O Nd4 5. Nxd4 Bxd4 6. c3 Bb6 7. d4 c6 8. Ba4
d6 9. Be3 Nf6 10. Nd2 O-O 11. Bc2 Ng4 12. Nc4 Qh4 13. h3 Nxe3 14. fxe3 Qg5 15.
Qf3 Bc7 16. Rae1 g6 17. Kh1 b5 18. Nd2 Bd7 19. d5 cxd5 20. exd5 f5 21. Qe2 e4
22. Nb3 Rf7 23. Nd4 Rf6 24. Rf4 Raf8 25. Ne6 Bxe6 26. dxe6 d5 27. e7 Re8 28.
Rff1 Qg3 29. Rf4 Bxf4 30. exf4 Qxf4 31. Qxb5 Rxe7 32. Qxd5+ Kg7 33. Bb3 Kh6 34.
Qd8 Qf2 35. Qxe7 Qxe1+ 36. Kh2 Qh4 37. Bg8 Qf4+ 38. Kh1 Qd6 39. Qxh7+ Kg5 40.
h4+ Kg4 41. Qxa7 Qd1+ 42. Kh2 Qd2 43. Qc7 Qf4+ 44. Qxf4+ Kxf4 45. Kg1 Ke3 46. c4
Kd2 0-1

[Event "AUTO-MASTER-446"]
[Site "http://www.queenalice.com/game.php?id=404906"]
[Date "2008.5.18"]
[Round "2"]
[White "Adelar"]
[Black "jnable"]
[Result "1/2-1/2"]
[WhiteElo "2251"]
[BlackElo "1984"]

1. e4 c6 2. d4 d5 3. exd5 cxd5 4. Bd3 Nc6 5. c3 Nf6 6. Bf4 Bg4 7. f3 Bd7 8. Ne2
e6 9. Nd2 Be7 10. Ng3 O-O 11. O-O Re8 12. Re1 Bf8 13. Qb3 Qb6 14. Qxb6 axb6 15.
h4 Rac8 16. h5 g6 17. hxg6 hxg6 18. Rac1 Na5 19. Bg5 Nh7 20. Bf4 Nf6 21. Be5 Bg7
22. Kf2 Nc6 23. Bf4 Bf8 24. Rh1 Bg7 25. Rh2 Red8 26. Bg5 Re8 27. a3 Ne7 28. Ndf1
Nh7 29. Be3 Nf5 30. Nxf5 exf5 31. Ng3 Re7 32. Rc2 Ba4 33. Rd2 Rce8 34. Nf1 Bf6
35. g3 Bd7 36. Re2 Ng5 1/2-1/2

[Event "Brasileirão"]
[Site "http://www.queenalice.com/game.php?id=429745"]
[Date "2008.7.8"]
[Round "1"]
[White "Adelar"]
[Black "clauberfm"]
[Result "0-1"]
[WhiteElo "2243"]
[BlackElo "2230"]

1. e4 c5 2. Nf3 d6 3. Bc4 Nc6 4. d4 cxd4 5. Nxd4 Nf6 6. Nxc6 bxc6 7. Bd3 g6 8.
Nc3 Bg7 9. Bd2 O-O 10. O-O Be6 11. b3 d5 12. Rb1 Nd7 13. Ne2 Nc5 14. Nf4 Qd6 15.
Nxe6 fxe6 16. Bb4 a5 17. Bxc5 Qxc5 18. c4 Rxf2 19. Rxf2 Rf8 20. Kh1 Rxf2 21. Qg4
Qd4 22. Qxe6+ Kh8 23. Qh3 dxe4 24. Bf1 Be5 25. g3 e3 26. Qc8+ Kg7 27. Qxc6 Qd2
28. Bg2 e2 29. Qe4 Qd1+ 0-1

[Event "AUTO-MASTER-458"]
[Site "http://www.queenalice.com/game.php?id=438262"]
[Date "2008.7.24"]
[Round "2"]
[White "levi"]
[Black "Adelar"]
[Result "1-0"]
[WhiteElo "2282"]
[BlackElo "2231"]

1. e4 e5 2. Nf3 Nc6 3. Bb5 a6 4. Ba4 d6 5. Bxc6+ bxc6 6. d4 Bg4 7. O-O Be7 8.
dxe5 Bxf3 9. Qxf3 dxe5 10. Rd1 Qc8 11. Qg3 Bf6 12. Nc3 Ne7 13. Be3 Qe6 14. Na4
O-O 15. Nc5 Qc4 16. Nd7 Rfd8 17. Nxf6+ Kh8 18. Rxd8+ Rxd8 19. Qh4 h6 20. Bxh6
1-0

[Event "AUTO-MASTER-458"]
[Site "http://www.queenalice.com/game.php?id=438263"]
[Date "2008.7.24"]
[Round "2"]
[White "Adelar"]
[Black "levi"]
[Result "0-1"]
[WhiteElo "2221"]
[BlackElo "2284"]

1. e4 e5 2. Nf3 Nc6 3. Bb5 Nf6 4. d3 Bc5 5. O-O Qe7 6. Bg5 h6 7. Bh4 g5 8. Bg3
d6 9. d4 exd4 10. Nxd4 O-O 11. Nxc6 bxc6 12. Bxc6 Rb8 13. b3 Rb6 14. Bd5 c6 15.
Bc4 Nxe4 16. Qf3 d5 17. Bd3 f5 18. Bxe4 dxe4 19. Qc3 f4 20. Nd2 fxg3 21. hxg3 e3
22. fxe3 Qxe3+ 23. Qxe3 Bxe3+ 24. Kh2 Bd4 25. Rxf8+ Kxf8 26. Rf1+ Ke7 27. Nf3
Bc3 28. Ne1 Bg4 29. Nf3 c5 30. a4 c4 0-1

[Event "Brasileirão"]
[Site "http://www.queenalice.com/game.php?id=477012"]
[Date "2008.10.14"]
[Round "2"]
[White "AntonioMendonca"]
[Black "Adelar"]
[Result "1-0"]
[WhiteElo "2137"]
[BlackElo "2218"]

1. e4 e5 2. Nf3 Nc6 3. d4 exd4 4. Nxd4 Nxd4 5. Qxd4 Qf6 6. c3 Be7 7. Be3 Nh6 8.
Be2 Qg6 9. O-O d6 10. Nd2 O-O 11. f4 f5 12. Rae1 Ng4 13. Bxg4 Qxg4 14. Qc4+ Kh8
15. Qxc7 Re8 16. g3 fxe4 17. Nxe4 Qg6 18. Bd4 Bh3 19. Rf2 b6 20. f5 Bxf5 21.
Rxf5 Qxf5 22. Nxd6 1-0

[Event "Let's Play Chess!"]
[Site "http://www.queenalice.com/game.php?id=488420"]
[Date "2008.11.6"]
[Round "-"]
[White "jazp"]
[Black "Adelar"]
[Result "1-0"]
[WhiteElo "2026"]
[BlackElo "2188"]

1. e4 e5 2. f4 exf4 3. Nf3 g5 4. Bc4 c6 5. Nc3 d6 6. h4 f6 7. Nd4 g4 8. d3 Bh6
9. O-O c5 10. Ne6 Qe7 11. Nd5 Qd7 12. Ndc7+ 1-0